Náznaky zlepšení v Rumunsku
Hodnotenie hospodárskej situácie v Rumunsku. Hospodársky vývoj za roky 1991-1992. Presadzovanie ekonomickej reformy, aktívny prístup vlády. Vývoj poľnohospodárskej produkcie. Vývoj priemyselnej produkcie. Odhad rastu HDP. Menová politika Rumunska. Vzostup exportu, pokles importu. Poskytnutie preklen...
Salvato in:
| Natura: | Capitolo di libro |
|---|---|
| Lingua: | ceco |
| Soggetti: | |
| Tags: |
Nessun Tag, puoi essere il primo ad aggiungerne!!
|
MARC
| LEADER | 00000naa a2200000 4500 | ||
|---|---|---|---|
| 001 | r017914 | ||
| 005 | 20221205102353.7 | ||
| 041 | 0 | |a cze | |
| 044 | |a CZ | ||
| 245 | 1 | 0 | |a Náznaky zlepšení v Rumunsku |
| 520 | |a Hodnotenie hospodárskej situácie v Rumunsku. Hospodársky vývoj za roky 1991-1992. Presadzovanie ekonomickej reformy, aktívny prístup vlády. Vývoj poľnohospodárskej produkcie. Vývoj priemyselnej produkcie. Odhad rastu HDP. Menová politika Rumunska. Vzostup exportu, pokles importu. Poskytnutie preklenovacieho prechodného úveru Medzinárodným menovým fondom. | ||
| 610 | 2 | 0 | |a situácia hospodárska |
| 610 | 2 | 0 | |a rast hospodársky |
| 610 | 2 | 0 | |a Rumunsko |
| 610 | 2 | 0 | |a reformy hospodárske |
| 610 | 2 | 0 | |a 1991-1994 |
| 610 | 2 | 0 | |a úver zahraničný |
| 610 | 2 | 0 | |a produkt domáci hrubý |
| 610 | 2 | 0 | |a ukazovatele ekonomické |
| 610 | 2 | 0 | |a výroba priemyselná |
| 610 | 2 | 0 | |a úver preklenovací |
| 610 | 2 | 0 | |a Medzinárodný menový fond |